Les Simpson - Les cheveux d'Homer - Statistiques

Statistiques générales
  • Ce quiz a été pris 141 fois
  • Le résultat moyen est 7 sur 10
Statistiques - réponses
Question Réponse % Correct
Comment est-il devenu chauve ? À cause du stress des grossesses de Marge
97%
Dans l'épisode "Simpson et Dalila", comment retrouve-t-il des cheveux ? grâce à une lotion
94%
De quelle couleur étaient ses cheveux dans sa jeunesse ? marrons
91%
Dans le Horror Show "La moumoute tueuse", de qui Homer obtient-il la greffe ? Le Serpent
85%
Que signifie la lettre M que forment les cheveux au-dessus de ses oreilles ? Matt
85%
Dans l'épisode "Homer aux mains d'argent", avec quel outil a-t-il coupé les cheveux de Patty et Selma ? une cisaille de jardinier
82%
Combien de cheveux lui reste-t-il au sommet du crâne ? 2
74%
Comment s'appelle le coiffeur de la famille ? Jake
50%
Comment s'appelle le problème capillaire d'Homer ? La trichotillomanie
35%
Dans l'épisode futuriste "Future Drama", comment retrouve-t-il des cheveux ? en mettant une perruque
26%
Aucun quiz correspondant
Distribution des résultats
% des personnes avec chaque résultat
Percentile par nombre de réponses
Votre historique - résultats
Vous n’avez pas pris ce quiz